| 000 | 00540nam a22001817a 4500 | ||
|---|---|---|---|
| 005 | 20251108165441.0 | ||
| 008 | 250721s1981 xx 000 0 ara d | ||
| 082 | 1 | 4 | _aم/216/صال |
| 100 | 1 | _aالبليهي، صالح بن إبراهيم | |
| 245 | 1 | 0 |
_aالسلسبيل في معرفة الدليل : _bحاشية على زاد المستنقع / |
| 250 | _aط3 | ||
| 264 | 1 |
_aالرياض : _c1981. |
|
| 300 | _a3ج | ||
| 650 | 1 | 7 | _aالإسلام |
| 650 | 1 | 7 | _aالفقه الإسلامي |
| 942 |
_2ddc _cREF |
||
| 999 |
_c28207 _d28207 |
||